MARC

LEADER 00000nam0a2200000 4500
001 250724
005 20231101232606.0
020 |a RU  |b 89-8384 
035 |a (RuTPU)RU\TPU\book\272946 
090 |a 250724 
100 |a 20140217d1988 k a0rusy5003 ca 
101 0 |a rus 
102 |a RU 
105 |a a z 001zy 
200 1 |a Методы проектирования шахт и карьеров  |e сборник научных трудов  |f Академия наук СССР (АН СССР), Сибирское отделение (СО), Институт горного дела (ИГД) ; под ред. М. В. Курленя 
210 |a Новосибирск  |c Изд-во ИГД  |d 1988 
215 |a 138 с.  |c ил. 
320 |a Библиогр. в конце ст. 
606 1 |a Угольные предприятия  |2 stltpush  |3 (RuTPU)RU\TPU\subj\72280  |9 85843 
610 1 |a рудники 
610 1 |a угольные шахты 
610 1 |a карьеры 
610 1 |a проектирование 
610 1 |a месторождения 
610 1 |a открытый способ 
610 1 |a подземный способ 
610 1 |a подземная разработка 
675 |a 622.333.012.001.2  |z rus 
702 1 |a Курленя  |b М. В.  |g Михаил Владимирович  |4 340 
712 0 2 |a Академия наук СССР (АН СССР)  |b Сибирское отделение (СО)  |b Институт горного дела (ИГД)  |c (Новосибирск)  |2 stltpush  |3 (RuTPU)RU\TPU\col\11352 
801 0 |a RU  |b RuMRKP  |c 19960705  |g psbo 
801 1 |a RU  |b 63413507  |c 20140217 
801 2 |a RU  |b 63413507  |c 20140219  |g RCR 
942 |c BK